00000000nam 2200000za 4500
0019.608574
003CaOODSP
00520250124150419
007ta
008150406|1992||||xxc|||||     f|0| 0 eng d
020 |a0-662-19874-3
040 |aCaOODSP|beng
043 |an-cn---
0861 |aZ1-1989/1-41-1E
1101 |aCanada.|bRoyal Commissions. |bRoyal Commission on National Passenger Transportation.
24510|aTransportation for people with disabilities: a policy review and analysis / |cby the Hickling Corporation, March, 1991.
260 |aOttawa - Ontario : |bRoyal Commissions. |c1992.
300 |a43, 9p. : |bgraphs, tables ; |c28 cm.
4901 |a[Research report.]|vRR-01
563 |aRing binding
590 |a92-49|b1992-12-04
7760#|tTransportation for people with disabilities : |w(CaOODSP)9.947371
830#0|a[Research report.]|vRR-01|w(CaOODSP)9.514937